000 00504nam a2200181 a 4500
001 000017636
005 20240412074248.0
008 100329s19uu dr 000 p spa d
040 _aDO-SdBNP
_bspa
_cBNPHU
082 _aRD861.44
_bL898s
100 1 _aLovelace, Hungria
_938448
245 1 0 _aSolariegas :
_bpoesias /
_cHungria Lovelace.
260 _aSanto Domingo :
_bCromos.
300 _a64 p. ;
_c16 cm.
650 0 _aPoesía dominicana
_966
650 0 _aLiteratura dominicana.
_967
049 _aBNPD
999 _c17161
_d17161